| 000 -LEADER |
| fixed length control field |
00525cam a22001815i 4500 |
| 005 - DATE AND TIME OF LATEST TRANSACTION |
| control field |
20260406165748.0 |
| 008 - FIXED-LENGTH DATA ELEMENTS--GENERAL INFORMATION |
| fixed length control field |
230802s2017 ii 000 0 eng |
| 010 ## - LIBRARY OF CONGRESS CONTROL NUMBER |
| LC control number |
2023341661 |
| 020 ## - INTERNATIONAL STANDARD BOOK NUMBER |
| International Standard Book Number |
9789352887316 |
| 025 ## - OVERSEAS ACQUISITION NUMBER |
| Overseas acquisition number |
I-E-2023341661; 17-91 |
| 035 ## - SYSTEM CONTROL NUMBER |
| System control number |
23256132 |
| 037 ## - SOURCE OF ACQUISITION |
| Source of stock number/acquisition |
Library of Congress -- New Delhi Overseas Office |
| 040 ## - CATALOGING SOURCE |
| Original cataloging agency |
DLC |
| Language of cataloging |
eng |
| Description conventions |
rda |
| Transcribing agency |
DLC |
| 042 ## - AUTHENTICATION CODE |
| Authentication code |
lcode |
| 245 04 - TITLE STATEMENT |
| Title |
The Delhi High Court : |
| Remainder of title |
making of the new courts block / |
| Statement of responsibility, etc |
Goonmeet Singh Chauhan. |
| 300 ## - PHYSICAL DESCRIPTION |
| Extent |
219 pages |
| 942 ## - ADDED ENTRY ELEMENTS (KOHA) |
| Source of classification or shelving scheme |
|